00857nam a2200241 a 450000100060000000300080000600500170001400800410003103500190007204000350009104100080012608200240013410000300015824500930018826000370028130000290031850000190034765000460036670000300041294200120044299900170045495201440047169010BD-RjUL20211209081835.0170409s1954 enka 001 0 eng d a(BD-RjUL)69221 aBD-RjULbengcBD-RjULdBD-RjUL aeng 223a530.1bRUA 19541 aRussell, Bertrand920446014aThe analysis of matter /cBertrand Russell ; with a new introduction by Lester E. Denonn aLondon :bAllen & Unwin :c1954. a408 p. :bill. ;c21 cm. aIncludes index 0aTheories and mathematical Physics92044611 aDenonn, Lester E.9204462 2ddccBK c69010d69010 00102ddc40718NFICaRUCLbRUCLcReadingd2021-12-09ePub. United ltdg14.10l0o530.1 RUA 1954r2017-04-09 00:00:00tC-1w2017-04-09yBK